| 000 | 00380 a2200169 4500 | ||
|---|---|---|---|
| 001 | 72935 | ||
| 020 | _a978808104161 | ||
| 040 | _cAnchieta - Colégio São Paulo | ||
| 100 | _aCardoso, Oldimar Pontes | ||
| 240 | 1 | 0 |
_aTudo é história _lpor |
| 245 | 1 | 0 | _aTudo é história |
| 300 | _a280 | ||
| 362 | 0 | _a2006 | |
| 440 | 1 | _aÁtica | |
| 650 | 4 | _aHistória do mundo | |
| 942 | _cBK | ||
| 999 |
_c72935 _d72935 |
||